| 000 | 00688nam a22002057a 4500 | ||
|---|---|---|---|
| 999 |
_c58879 _d58879 |
||
| 005 | 20221012151028.0 | ||
| 008 | 221012s2021ge xxu||||| |||| 00| 0 ger d | ||
| 020 | _a9783126071789 | ||
| 041 | _ager | ||
| 080 | _a811.112.2'373 D-40 | ||
| 100 |
_a Dengler, Stefanie. _915294 |
||
| 245 |
_a Netzwerk neu: _b A1-B1: Grammatik / _c Stefanie Dengler, Tanja Sieber. |
||
| 264 |
_a Stuttgart : _bKlett Sprachen, _c2021. |
||
| 300 |
_a 80 p.: _bIllustrationen, _c29 cm. |
||
| 440 |
_a Deutsch als Fremdsprache _915300 |
||
| 653 | _aNetzwerk neu A1-B1 Grammatik | ||
| 653 | _aგერმანული გრამატიკა | ||
| 700 |
_aSieber, Tanja _eAuthor _915291 |
||
| 942 |
_2udc _cBK |
||